000
00306nam a2200121Ia 4500
008
190216s9999||||xx |||||||||||||| ||und||
100
_a
Gangadharan Nair N
245
2
_a
A Mirror Of Modern Prose
260
_b
University Of Calicut
_c
1998
300
_a
99p
650
_a
Modern Indian History
942
_c
BK
999
_c
14168
_d
14168